| 000 | 01830cam a22004574i 4500 | ||
|---|---|---|---|
| 003 | PE-LiUPU | ||
| 005 | 20250731172948.0 | ||
| 008 | 150623s1997 njua rb 000 0 eng d | ||
| 020 | _a0691011613 | ||
| 035 | _a(Sirsi) i9780691011615 | ||
| 040 |
_aPE-LiUPU _bspa _cPE-LiUPU _erda |
||
| 049 | _aPRUA | ||
| 082 | 0 | 4 |
_a236.2409 _bR96 _221 |
| 100 | 1 |
_aRussell, Jeffrey Burton, _eautor. |
|
| 245 | 1 | 2 |
_aA history of heaven : _bthe singing silence / _cJeffrey Burton Russell. |
| 264 | 1 |
_aPrinceton : _bPrinceton University Press, _c1997. |
|
| 300 |
_a220 páginas : _bilustraciones ; _c24 centímetros |
||
| 336 |
_atext _2rdacontent |
||
| 337 |
_aunmediated _2rdamedia |
||
| 338 |
_avolume _2rdacarrier |
||
| 504 | _aIncluye bibliografía. | ||
| 505 | 0 | _aUnderstanding heaven -- Elysium, Jerusalem, and Paradise -- The heaven of the early Christians -- Returning to God -- Heaven, East and west -- Visions of heaven -- Journeys to heaven -- Wooing the bridegroom -- The desire of the Intellect -- The fire of love -- Approaching paradise -- The Heavenly paradise Hearing the silence. | |
| 526 | _aSEG42 | ||
| 526 | _aSEG41 | ||
| 526 | _aSEG40 | ||
| 526 | _aSEG39 | ||
| 526 | _aP94 | ||
| 526 | _aP87 | ||
| 526 | _aP86 | ||
| 526 | _aP85 | ||
| 526 | _aP77 | ||
| 526 | _aP76 | ||
| 526 | _aP35 | ||
| 650 | 1 | 4 |
_aCielo (Religión) _xHistoria de las doctrinas. |
| 942 |
_2ddc _cBOOK |
||
| 949 |
_a236.2409 R96 _wDEWEY _c1 _i44839 _lCCODEBUL1 _mBUL _r0 _sY _tBOOK _u2015-6-24 _xTEOLOGIA _PP35 _0COMPRA _o.STAFF. Colección General |
||
| 994 |
_aC0 _bPEPRU |
||
| 596 | _a1 | ||
| 999 |
_a236.2409 R96 _wDEWEY _c21712 _i44839 _f2021-11-10 _g5 _lCCODEBUL1 _mBUL _p15.00 _r0 _sY _tBOOK _u2015-6-24 _xTEOLOGIA _PP35 _0COMPRA _o.STAFF. Colección Teología _d21712 |
||
| 980 |
_81 _gALBERTO SANCHEZ Responsable de Automatización |
||